| 000 | 00453 a2200169 4500 | ||
|---|---|---|---|
| 020 | _a9788176567060 | ||
| 082 | _a005.73 | ||
| 090 |
_c7026 _d7026 |
||
| 100 | _aKanetkar, Yashavant P. | ||
| 245 |
_a Data structures through C _cYashavant P.Kanetkar |
||
| 250 | _a2 nd ed. | ||
| 260 |
_aNew Delhi _bBPB Publications _c2009 |
||
| 300 | _a647 p. | ||
| 650 | _aData structures--Computer science | ||
| 700 | _aYashavant P.Kanetkar | ||
| 942 |
_cBK _k005.73 KAN |
||
| 999 |
_c10835 _d10835 |
||